000 00588nam a2200193Ia 4500
008 260428s9999 xx 000 0 und d
020 _a9789561428454
082 _a341 L864t 2021
100 _aLópez Escarcena, Sebastián, editor
_935826
245 0 _aTemas de derecho internacional para el diálogo constitucional chileno
260 _aEdiciones Universidad Católica de Chile
260 _bSantiago, Chile
260 _c2021
300 _a241p.
650 _aChile
_9121
650 _aDerecho Constitucional
_91698
650 _aDerecho internacional
_91740
942 _clibro
999 _c20498
_d20498